Информационная культура личности: учебно-методическое пособие

Podrobná bibliografie
Hlavní autor: Дулатова А. Н. Анна Николаевна
Další autoři: Зиновьева Н. Б. Нонна Борисовна
Shrnutí:Информационная культура — сравнительно новая научная и учебная дисциплина. В пособии раскрыто ее теоретическое, методическое и практическое содержание. Авторы с культурологических позиций рассматривают информационную эволюцию общества, гуманитарные основания информатизации, понятие, структуру и уровни информационной культуры как способа формирования целостной личности. Книга адресована студентам, аспирантам и преподавателям гуманитарных вузов; специалистам по информатике, философии и социологии, библиотекарям и библиографам.
Jazyk:ruština
Vydáno: Москва, Либерея-Бибинформ, 2007
Edice:Библиотекарь и время. XXI век N 53
Témata:
Médium: MixedMaterials Kniha
KOHA link:https://koha.lib.tpu.ru/cgi-bin/koha/opac-detail.pl?biblionumber=116893

MARC

LEADER 00000nam0a2200000 4500
001 116893
005 20231031123441.0
010 |a 5851291753 
035 |a (RuTPU)RU\TPU\book\126496 
090 |a 116893 
100 |a 20070529d2007 m y0rusy50 ca 
101 0 |a rus 
102 |a RU 
105 |a y j 001zy 
200 1 |a Информационная культура личности  |e учебно-методическое пособие  |f А. Н. Дулатова, Н. Б. Зиновьева 
210 |a Москва  |c Либерея-Бибинформ  |d 2007 
215 |a 171 с. 
225 1 |a Библиотекарь и время. XXI век  |v N 53 
320 |a Библиогр.: с. 168-169. 
330 |a Информационная культура — сравнительно новая научная и учебная дисциплина. В пособии раскрыто ее теоретическое, методическое и практическое содержание. Авторы с культурологических позиций рассматривают информационную эволюцию общества, гуманитарные основания информатизации, понятие, структуру и уровни информационной культуры как способа формирования целостной личности. Книга адресована студентам, аспирантам и преподавателям гуманитарных вузов; специалистам по информатике, философии и социологии, библиотекарям и библиографам. 
610 1 |a библиотечное дело 
610 1 |a библиотеки 
610 1 |a социология 
610 1 |a информационное общество 
610 1 |a личность 
610 1 |a информационная культура 
610 1 |a информация 
610 1 |a общество 
610 1 |a информатизация 
610 1 |a информационная деятельность 
610 1 |a методические пособия 
610 1 |a учебные пособия 
686 |a Ч735.27я73  |v LBC/SL-A  |2 rubbk 
686 |a С55.57я73  |v LBC/SL-A  |2 rubbk 
700 1 |a Дулатова  |b А. Н.  |g Анна Николаевна 
701 1 |a Зиновьева  |b Н. Б.  |g Нонна Борисовна 
801 1 |a RU  |b 63413507  |c 20070529  |g PSBO 
801 2 |a RU  |b 63413507  |c 20161101  |g PSBO 
942 |c BK